| 000 | 01159nam a2200265Ia 4500 | ||
|---|---|---|---|
| 003 | Ost | ||
| 005 | 20260507075125.0 | ||
| 008 | 260507s9999||||xx |||||||||||||| ||und|| | ||
| 020 | _a2431345977 | ||
| 040 | _cfsecg | ||
| 041 | _aara | ||
| 082 | _a330 | ||
| 100 |
_aوايت، جون _eمؤلف |
||
| 245 | 0 |
_aالإستثمار في السندات والأسهم / _c جون وايت |
|
| 250 | _aطبعة 5 | ||
| 260 |
_aالقاهرة: _bدار الفاروق, _c2006 |
||
| 300 |
_a272 صفحة؛ _bإيضاحات ؛ _c24 سم |
||
| 490 | _aالدليل العملي | ||
| 520 | _aالدافع وراء شراء الأسهم-التعريف بالأسهم-العوامل التي تؤثر على أسعار الأسهم-المعاملات الخاصة بالأسهم-الإستراتيجيات الخاصة بالبورصة-الإستثمار في حقوق التجارة-السندات والسندات المعنونة والودائع ذات الفائدة-ستة حالات دراسية | ||
| 653 | _aالإستثمار | ||
| 653 | _aالسندات | ||
| 653 | _aالمعاملات | ||
| 653 | _aشراء الأسهم | ||
| 942 | _cكتاب | ||
| 999 |
_c43142 _d43142 |
||